Two Word Junk Foods - Statistics

General Stats
  • This quiz has been taken 226 times
    223 since last reset
  • The average score is 19 of 24
Answer Stats
Hint Answer % Correct
Birthday Cake
100%
Dunkin' Donuts
97%
Cotton Candy
94%
Ben and Jerry's
91%
Gummy Bear
90%
Kit Kat
90%
Milky Way
89%
Animal Cracker
86%
French Fries |Toast | Dip
86%
Cheez It | Whiz
83%
Nacho Cheese | Chip
82%
Swedish Fish
82%
Krispy Kreme
82%
Funnel Cake
81%
Potato Chip
79%
Jelly Bean | Belly
74%
Pop Tart
72%
Candy Corn | Bar | Apple
68%
Chips Ahoy
67%
Frito Lay | Pie
66%
Corn Chip | Dog | Puff
64%
Cocoa Puff
56%
Soft Drink | Serve
55%
Wheat Thin
50%
No matching quizzes found
Score Distribution
Percent of People with Each Score
Percentile by Number Answered
Your Score History
You have not taken this quiz since the last reset